| 000 | 00854cam a2200277 a 4500 | ||
|---|---|---|---|
| 001 | 000010537 | ||
| 005 | 20200929162239.0 | ||
| 008 | 721012s1972 sp b 001 0 spa | ||
| 035 | _a(DLC) 77545655 | ||
| 035 | _a(OCoLC)427291 | ||
| 040 |
_aDO-SdBNP _bspa _cOAU _dBNPHU |
||
| 082 |
_aA863.42 _bD695i, 1972 |
||
| 100 | 1 |
_aDorfman, Ariel, _d1942- _925562 |
|
| 245 | 1 | 0 |
_aImaginación y violencia en América / _cAriel Dorfman. |
| 250 | _a2a ed. | ||
| 260 |
_aBarcelona : _bAnagrama, _c1972. |
||
| 300 |
_a248 p. ; _c19 cm. |
||
| 490 | 1 | _aEdiciones de bolsillo. | |
| 490 | 1 |
_aLiteratura Ensayo ; _v215 |
|
| 650 | 4 |
_aNovela argentina _93941 |
|
| 650 | 4 |
_aLiteratura argentina _93860 |
|
| 650 | 4 |
_aViolencia _vNOVELA _925563 |
|
| 830 | 0 |
_aEdiciones de bolsillo. _pLiteratura Ensayo ; _v215 _925564 |
|
| 910 | _aCatalogación derivada. | ||
| 049 | _aBNGR | ||
| 999 |
_c10295 _d10295 |
||